000 00988cam a2200193 4500
001 X113029
008 000000n2001 000 0 eng u
035 _a(Sirsi) u113029
100 _aWhittaker, K.
245 _aProperty sites in a wireless world
260 _c2001
490 _aFacilities Management
_v8(8) May 2001, 12-13(2)
520 _aConsiders the need for commercial landlords to consider installing an advanced telecommunications infrastructure in order to meet the increasing demand from tenants for high-speed internet access, video-conferencing, and high capacity and bandwidth. Examines the benefits for both landlord and tenant of wireless broadband technology including reliability, security, increased capacity, reduced start-up times and installation costs and its potential to generate revenue.
650 _aBROADBAND COMMUNICATIONS
650 _aTELECOMMUNICATIONS
650 _aWIRELESS TECHNOLOGY
690 _aPROPERTY-COMMERCIAL PROPERTY
942 _n0
999 _c67276
_d67276